000
00213nam a2200097Ia 4500
005
20251222120855.0
008
251222s1900||||xx |||||||||||||| ||spa||
082
_a
DVD0150/C24/2009
245
0
_a
Bakhita:
942
_c
DVD
999
_c
2383
_d
2383